Can You Name All The Characteristics Of Mortis From Brawl Stars? - Statistics

General Stats
  • This quiz has been taken 2 times
  • The average score is 10 of 15
Answer Stats
Hint Answer % Correct
Class Assassin
100%
Prestige Title Bringer Of Doom
100%
Star Power Coiled Snake
100%
Gadgets Combo Spinner
100%
Gadgets Creature of the Night
100%
Title Creature Of The Night
100%
Star Power Creepy Harvest
100%
Rarity Mythic
100%
Hypercharge Blood Boomerang
50%
Trio Mortuary
50%
Trait No
50%
Buffies Yes
50%
Voice Actor Ed Mace
0%
Super Life Blood
0%
Attack Shovel Swing
0%
No matching quizzes found
Score Distribution
Percent of People with Each Score
Percentile by Number Answered
Your Score History
You have not taken this quiz